La incorporación del enfoque de género en la capacitación, implementación y evaluación en los programas de salud sexual y reproductiva /

Kaydedildi:
Detaylı Bibliyografya
Yazar: Díaz, Margarita
Diğer Yazarlar: Spicehandler, Joanne
Materyal Türü: Metin
Baskı/Yayın Bilgisi: Washington D.C.: International Center for Research on Woman
Konular:
Etiketler: Etiketle
Etiket eklenmemiş, İlk siz ekleyin!

MARC

LEADER 00000 a a2200000 04500
001 18849
003
040 |a CRAI/IIS  |c CRAI/IIS 
090 |a 144600  
100 |a Díaz, Margarita  
245 |a La incorporación del enfoque de género en la capacitación, implementación y evaluación en los programas de salud sexual y reproductiva /  |c Margarita Díaz 
260 |a Washington D.C.:   |b International Center for Research on Woman  
300 |a 35 p.  
300 |b il.  
650 |a MUJERES  
650 |a HOMBRES  
650 |a COMPORTAMIENTO SEXUAL  
650 |a SALUD REPRODUCTIVA  
650 |a SALUD DE LA MUJER  
700 |a Spicehandler, Joanne  
999 |c 4495  |d 4495